Score 0/9 Timer 04:00
1 Play Today
% Correct
King George V of the United Kingdom
74.5%
King Manuel II of Portugal and the Algarves
51.3%
Tsar Ferdinand of the Bulgarians
50.1%
King Alfonso XIII of Spain
49.7%
Kaiser Wilhelm II of Germany and Prussia
49%
King George I of the Hellenes
41.8%
King Albert I of the Belgians
38.5%
King Haakon VII of Norway
38.1%
King Frederick VIII of Denmark
36.7%
Remove Ads.
Support Sporcle.
Get the best of Sporcle when you Go Orange. This ad-free experience offers more features, more stats, and more fun while also helping to support Sporcle. Thank you for becoming a member.

You're not logged in!

Compare scores with friends on all Sporcle quizzes.
OR
Log In

Sporcle TV

Today on Sporcle TV


Watch our educational content, quiz creation guides, and fun videos on Sporcle TV.

Show Comments

Extras

Top Quizzes Today


Score Distribution

Paid Content

Your Account Isn't Verified!

In order to create a playlist on Sporcle, you need to verify the email address you used during registration. Go to your Sporcle Settings to finish the process.

Report this User

Report this user for behavior that violates our Community Guidelines.

Details: